प्रशासनिक अंग्रेजी-हिन्दी कोश (Record no. 7256)

MARC details
000 -LEADER
fixed length control field 01129 a2200229 4500
005 - DATE AND TIME OF LATEST TRANSACTION
control field 20080916114216.0
008 - FIXED-LENGTH DATA ELEMENTS--GENERAL INFORMATION
fixed length control field 080916t xxu||||| |||| 00| 0 hin d
010 ## - LCCN (DPL NO)
LC control number HIN-80894
020 ## - INTERNATIONAL STANDARD BOOK NUMBER
International Standard Book Number 8186303138
Terms of availability 250.00
035 ## - SYSTEM CONTROL NUMBER
System control number HN-53240
037 ## - SOURCE OF ACQUISITION
Source of stock number/acquisition D.B.Act / pub
082 ## - DEWEY DECIMAL CLASSIFICATION NUMBER
Classification number 483.2
245 ## - TITLE STATEMENT
Title प्रशासनिक अंग्रेजी-हिन्दी कोश
Statement of responsibility, etc संपादक नरेश कुमार
246 ## - VARYING FORM OF TITLE
Title proper/short title Prashasnik Angreji Hindi Kosh
Remainder of title Ed by Naresh Kumar
260 ## - PUBLICATION, DISTRIBUTION, ETC. (IMPRINT)
Place of publication, distribution, etc दिल्ली
Name of publisher, distributor, etc विक्रम प्रकाशन
Date of publication, distribution, etc 2007
270 ## - ADDRESS
Address ई-11/5,कृष्णा नगर
City दिल्ली
Postal code 110051
300 ## - PHYSICAL DESCRIPTION
Extent 330पृ
Dimensions 22 सेमी(सजिल्द)
500 ## - GENERAL NOTE
General note सन 2004 का संस्करण आया है
700 ## - ADDED ENTRY--PERSONAL NAME
Personal name नरेश कुमार
942 ## - ADDED ENTRY ELEMENTS (KOHA)
Institution code [OBSOLETE] dpl
Item type Hindi Books
Call number prefix 483.2 / प्रशास
Source of classification or shelving scheme Dewey Decimal Classification
Classification part 483.2
Call number suffix प्रशास
Holdings
Withdrawn status Lost status Source of classification or shelving scheme Damaged status Not for loan Home library Current library Date acquired Cost, normal purchase price Total Checkouts Full call number Barcode Date last seen Copy number Cost, replacement price Koha item type
    Dewey Decimal Classification     D.B.Act.Division D.B.Act.Division 16/09/2008 250.00   483.2 प्रशास HN-53240 15/09/2008 1 250.00 Hindi Books

© Delhi Public Library
Hit Counter
free hit counter